[Event "Rated Blitz tournament VlRrLlG3"]
[Site "?"]
[Date "2021.06.12"]
[Round "?"]
[White "Faddey_Mochalin"]
[Black "KrAKeN_1"]
[Result "0-1"]
[WhiteElo "2421"]
[BlackElo "2474"]
[PlyCount "96"]
[EventDate "2021.??.??"]
[EventType "blitz"]

1. e4 e5 2. Nf3 d5 3. exd5 e4 4. Qe2 Nf6 5. d3 Qxd5 6. Nbd2 Nc6 7. dxe4 Qc5 8.
Qc4 Ng4 9. Qxc5 Bxc5 10. Bb5 Bxf2+ 11. Ke2 Bc5 12. h3 Nf6 13. Ne5 a6 14. Bxc6+
bxc6 15. Nb3 Bd6 16. Nxc6 Bb7 17. e5 Bxc6 18. exd6 O-O-O 19. Be3 Rxd6 20. Rhe1
Bxg2 21. Kf2 Bxh3 22. Nd4 Re8 23. b4 Ne4+ 24. Kf3 Rf6+ 25. Ke2 Nc3+ 26. Kd3 Nd5
27. Bd2 Rxe1 28. Rxe1 Bf1+ 29. Ke4 Bc4 30. Nf5 g6 31. Ne3 Rf4+ 32. Ke5 f6+ 33.
Ke6 Nxe3+ 34. Ke7 Nxc2 35. Kf8 Nxe1 36. Bxf4 Nd3 37. Be3 Nxb4 38. Bd4 Nxa2 39.
Bc3 Nxc3 40. Kg7 f5 41. Kxh7 f4 42. Kxg6 f3 43. Kf5 f2 44. Ke5 f1=Q 45. Kd4
Qd3+ 46. Kc5 Ne4+ 47. Kb4 Qb3+ 48. Ka5 Qb5# {Normal} 0-1

[Event "Rated Blitz game"]
[Site "?"]
[Date "2021.06.12"]
[Round "?"]
[White "Verminat"]
[Black "Taabling"]
[Result "1-0"]
[WhiteElo "2469"]
[BlackElo "2510"]
[PlyCount "43"]
[EventDate "2021.??.??"]
[EventType "blitz"]

1. e4 e5 2. Nf3 d5 3. d4 dxe4 4. Nxe5 Bd6 5. Bf4 Nf6 6. Bc4 O-O 7. O-O Bf5 8.
Nc3 Nbd7 9. Qd2 Nb6 10. Bb3 h6 11. Rae1 c6 12. h3 Qc7 13. g4 Bh7 14. f3 exf3
15. Rxf3 Nfd5 16. Nxd5 Nxd5 17. g5 Nxf4 18. Qxf4 hxg5 19. Qxg5 Bxe5 20. Rxe5
Kh8 21. Qh4 f5 22. Re7 {Time forfeit} 1-0

[Event "Rated Blitz game"]
[Site "?"]
[Date "2021.06.12"]
[Round "?"]
[White "Sanek1206"]
[Black "King_bg03"]
[Result "0-1"]
[WhiteElo "2502"]
[BlackElo "2490"]
[PlyCount "20"]
[EventDate "2021.??.??"]
[EventType "blitz"]

1. e4 e5 2. Nf3 d5 3. exd5 e4 4. Nd4 Nf6 5. c4 Ng4 6. h3 Nxf2 7. Kxf2 Bc5 8. d3
Bxd4+ 9. Be3 Qf6+ 10. Ke2 Bxb2 {Normal} 0-1

[Event "Rated Blitz game"]
[Site "?"]
[Date "2021.06.12"]
[Round "?"]
[White "VelesSars"]
[Black "annaly1979"]
[Result "0-1"]
[WhiteElo "2436"]
[BlackElo "2443"]
[PlyCount "104"]
[EventDate "2021.??.??"]
[EventType "blitz"]

1. e4 e5 2. Nf3 d5 3. Nxe5 Qe7 4. d4 f6 5. Nd3 Nc6 6. Be3 dxe4 7. Nf4 f5 8. d5
Ne5 9. h4 Nf6 10. Nc3 a6 11. a4 Bd7 12. Be2 Qf7 13. Nh3 Bd6 14. Ng5 Qe7 15. h5
h6 16. Nh3 Neg4 17. Qd2 Nxe3 18. fxe3 O-O-O 19. O-O-O Bb4 20. Nf4 Qc5 21. Qd4
Qxd4 22. exd4 Bxc3 23. bxc3 Bxa4 24. c4 Bd7 25. Rdf1 Rhe8 26. Ng6 c6 27. d6 c5
28. Ne7+ Kb8 29. dxc5 Be6 30. Nxf5 Bxf5 31. Rxf5 e3 32. Bf3 Re6 33. Re1 Rde8
34. Bd5 Re5 35. Rxe5 Rxe5 36. Kb2 Kc8 37. Kc3 Nxd5+ 38. cxd5 Rxd5 39. Rxe3
Rxc5+ 40. Kd4 Rxc2 41. Re7 Rxg2 42. Rc7+ Kd8 43. Rxb7 Rg5 44. d7 a5 45. Ra7 a4
46. Ke4 Rxh5 47. Kf4 Rd5 48. Rxa4 Rxd7 49. Kg4 Ke7 50. Kh5 Kf7 51. Rf4+ Kg8 52.
Rg4 Kh7 {Time forfeit} 0-1

[Event "Rated Blitz game"]
[Site "?"]
[Date "2021.06.12"]
[Round "?"]
[White "Azazel_UZ"]
[Black "KamranShirazi"]
[Result "0-1"]
[WhiteElo "2484"]
[BlackElo "2497"]
[PlyCount "22"]
[EventDate "2021.??.??"]
[EventType "blitz"]

1. e4 e5 2. Nf3 d5 3. exd5 e4 4. Qe2 Nf6 5. Nc3 Be7 6. Nxe4 Nxd5 7. d3 O-O 8.
g3 f5 9. Nc3 Bb4 10. Qd2 Re8+ 11. Be2 Qf6 {Normal} 0-1

[Event "Rated Blitz game"]
[Site "?"]
[Date "2021.06.12"]
[Round "?"]
[White "hectorluis2019"]
[Black "dr_xStranger"]
[Result "1-0"]
[WhiteElo "2503"]
[BlackElo "2466"]
[PlyCount "177"]
[EventDate "2021.??.??"]
[EventType "blitz"]

1. e4 e5 2. Nf3 d5 3. d3 dxe4 4. dxe4 Qxd1+ 5. Kxd1 Nc6 6. Bb5 Bg4 7. Bxc6+
bxc6 8. Nbd2 O-O-O 9. Ke2 Nf6 10. h3 Bxf3+ 11. Kxf3 Bc5 12. Nc4 Rhe8 13. Be3
Bb6 14. Rad1 Nd7 15. a4 Bxe3 16. Kxe3 f6 17. b3 Nb6 18. Na5 Re6 19. Rxd8+ Kxd8
20. Rd1+ Kc8 21. Rd3 a6 22. Rc3 Kd7 23. Nb7 Ke7 24. Nc5 Rd6 25. Nxa6 Kd7 26.
Nc5+ Kc8 27. a5 Nd7 28. Nd3 Kb7 29. b4 Ka6 30. Nc5+ Nxc5 31. Rxc5 Kb7 32. c4
Rd1 33. b5 cxb5 34. cxb5 Rd7 35. f4 exf4+ 36. Kxf4 Re7 37. g4 Rd7 38. h4 Re7
39. e5 fxe5+ 40. Rxe5 Rf7+ 41. Rf5 Rd7 42. g5 Rd4+ 43. Kg3 Rd7 44. h5 Ka7 45.
Rc5 Kb7 46. Kf4 Rd4+ 47. Kf5 Rh4 48. Re5 Rxh5 49. Re7 g6+ 50. Kf6 Rh2 51. b6
Rf2+ 52. Kg7 Ka6 53. bxc7 Rc2 54. Kxh7 Rc6 55. Rg7 Kxa5 56. Rxg6 Rxc7+ 57. Rg7
Rc2 58. g6 Rh2+ 59. Kg8 Kb5 60. Re7 Kc6 61. g7 Kd6 62. Re4 Rg2 63. Rh4 Ke6 64.
Kh7 Kf6 65. g8=Q Rxg8 66. Kxg8 Kg5 67. Rc4 Kf5 68. Kf7 Ke5 69. Kg6 Kd5 70. Rh4
Ke5 71. Kg5 Kd5 72. Kf5 Kc5 73. Re4 Kc6 74. Rd4 Kc5 75. Rd1 Kc6 76. Ke5 Kc5 77.
Rc1+ Kb4 78. Kd4 Kb5 79. Rc8 Kb6 80. Rc3 Kb5 81. Rc2 Kb4 82. Rb2+ Ka5 83. Rb8
Ka6 84. Kc5 Ka7 85. Rb1 Ka6 86. Rb2 Ka7 87. Kc6 Ka8 88. Kc7 Ka7 89. Ra2# {
Normal} 1-0

[Event "Rated Blitz tournament YtuHIWbJ"]
[Site "?"]
[Date "2021.06.12"]
[Round "?"]
[White "Consent_to_treatment"]
[Black "iskander2007"]
[Result "0-1"]
[WhiteElo "2654"]
[BlackElo "2281"]
[PlyCount "66"]
[EventDate "2021.??.??"]
[EventType "blitz"]

1. e4 e5 2. Nf3 d5 3. exd5 e4 4. Qe2 f5 5. d3 Nf6 6. dxe4 fxe4 7. Nc3 Bb4 8.
Nd4 Bxc3+ 9. bxc3 O-O 10. c4 c5 11. Nb3 Bf5 12. Bb2 Nbd7 13. O-O-O b6 14. h3 a5
15. g4 Bg6 16. Bg2 a4 17. Nd2 a3 18. Ba1 Re8 19. Rhe1 Qc7 20. Qe3 Qh2 21. Qg3
Qxg3 22. fxg3 Ne5 23. g5 Nh5 24. Bxe4 Nxg3 25. Bxe5 Nxe4 26. Nxe4 Rxe5 27. Nc3
Rxg5 28. Re6 Bh5 29. Rde1 Rf8 30. Rxb6 Rg2 31. Ne4 Bg6 32. Rb3 Bxe4 33. Rxe4
Rf1+ {Normal} 0-1

[Event "Rated Blitz tournament YtuHIWbJ"]
[Site "?"]
[Date "2021.06.12"]
[Round "?"]
[White "BuromVpered"]
[Black "iskander2007"]
[Result "1-0"]
[WhiteElo "2542"]
[BlackElo "2292"]
[PlyCount "89"]
[EventDate "2021.??.??"]
[EventType "blitz"]

1. e4 e5 2. Nf3 d5 3. d4 dxe4 4. Nxe5 Bd6 5. Nc3 Bxe5 6. dxe5 Qxd1+ 7. Kxd1 Nc6
8. Nxe4 Nxe5 9. Bf4 f6 10. Bxe5 fxe5 11. Bd3 Nf6 12. Ke2 Bd7 13. f3 Bc6 14. Nc3
O-O-O 15. Rhe1 Rhe8 16. Kf2 a6 17. Re2 Rf8 18. h3 Rde8 19. Rae1 Nd7 20. Bxh7 b5
21. a3 a5 22. Be4 Bxe4 23. Rxe4 c6 24. Rg4 Rf7 25. Ne4 Kc7 26. Rd1 Nf6 27. Rh4
Nxe4+ 28. Rxe4 g5 29. Rd3 Rf4 30. Rde3 Rxe4 31. Rxe4 Kd6 32. Ke3 Rf8 33. Rg4
Rf5 34. h4 gxh4 35. Rxh4 Kd5 36. Rh8 Rg5 37. g4 Rg7 38. Rd8+ Kc5 39. Rd2 Rf7
40. g5 Rf5 41. Rg2 Rf7 42. g6 Rg7 43. Ke4 Kd6 44. Kf5 Ke7 45. Kxe5 {Normal} 1-0

[Event "Rated Rapid game"]
[Site "?"]
[Date "2021.06.12"]
[Round "?"]
[White "chess-caleb"]
[Black "ABA-001"]
[Result "1-0"]
[WhiteElo "2398"]
[BlackElo "2484"]
[PlyCount "149"]
[EventDate "2021.??.??"]
[EventType "rapid"]

1. e4 e5 2. Nf3 d5 3. exd5 e4 4. Nd4 Qxd5 5. Nb3 Nf6 6. d3 exd3 7. Qxd3 Bf5 8.
Qe3+ Be7 9. Nc3 Qd7 10. Nd4 O-O 11. Nxf5 Qxf5 12. Bd3 Qc5 13. O-O Nc6 14. Qxc5
Bxc5 15. Bf4 Nb4 16. Bxc7 Nxd3 17. cxd3 Bd4 18. Nb5 Rfc8 19. Nxd4 Rxc7 20. Rac1
Rd7 21. Rc4 Rad8 22. Nf3 Rxd3 23. h3 g6 24. Re1 Kf8 25. Ne5 R3d5 26. Rc7 Nd7
27. Nf3 Rb5 28. b3 a5 29. Re4 Re8 30. Rd4 Nb8 31. Kh2 Nc6 32. Rdd7 Re7 33. Kg3
Rxd7 34. Rxd7 Ke8 35. Rd2 Ke7 36. Kf4 Rf5+ 37. Ke3 Rc5 38. g4 Rc3+ 39. Kf4 f6
40. g5 fxg5+ 41. Nxg5 h6 42. Ne4 Rxh3 43. Nc5 g5+ 44. Ke4 Rh4+ 45. Ke3 b6 46.
Ne4 Rh3+ 47. Ke2 Nb4 48. Ng3 Ke6 49. Rd8 Nxa2 50. Rb8 Nc1+ 51. Ke3 h5 52. Rxb6+
Kd7 53. Kd2 h4 54. Kxc1 hxg3 55. fxg3 Rxg3 56. Rb5 g4 57. Rxa5 Rxb3 58. Rg5 g3
59. Kc2 Ra3 60. Kb2 Rf3 61. Kc2 Ke6 62. Kd2 Kf6 63. Rg8 Rf2+ 64. Ke1 Kf5 65.
Rxg3 Ra2 66. Rb3 Rh2 67. Kf1 Rh1+ 68. Kg2 Ra1 69. Rb4 Ra2+ 70. Kf3 Ra3+ 71. Ke2
Ra2+ 72. Kd3 Ra3+ 73. Kc2 Ra2+ 74. Kb3 Rh2 75. Rb5+ {Time forfeit} 1-0

[Event "Rated Blitz game"]
[Site "?"]
[Date "2021.06.12"]
[Round "?"]
[White "Ally_Mayfair"]
[Black "liaqat321"]
[Result "0-1"]
[WhiteElo "2342"]
[BlackElo "2402"]
[PlyCount "70"]
[EventDate "2021.??.??"]
[EventType "blitz"]

1. e4 e5 2. Nf3 d5 3. exd5 e4 4. Nd4 Qxd5 5. Nb3 Nf6 6. Nc3 Qe5 7. Be2 Bd6 8.
d3 O-O 9. dxe4 Nxe4 10. Nxe4 Qxe4 11. O-O Nc6 12. Bf3 Qh4 13. g3 Qf6 14. Bg2
Bf5 15. c3 Rad8 16. Qh5 Bg6 17. Qb5 Ne5 18. Qxb7 a6 19. Nd4 Rb8 20. Qd5 Rfd8
21. Qa5 h6 22. Bf4 Nc4 23. Qxa6 Nxb2 24. Bxd6 Rxd6 25. Qa7 Rc8 26. a4 Re8 27.
Qxc7 Bd3 28. Rfe1 Red8 29. a5 Ba6 30. Rab1 Nd3 31. Rf1 Ne5 32. Rfe1 Nd3 33.
Red1 Qxf2+ 34. Kh1 Qe3 35. Rb8 Nf2+ {Normal} 0-1

[Event "Rated Blitz game"]
[Site "?"]
[Date "2021.06.12"]
[Round "?"]
[White "Guillermotello2150"]
[Black "Schachelite"]
[Result "0-1"]
[WhiteElo "2369"]
[BlackElo "2451"]
[PlyCount "68"]
[EventDate "2021.??.??"]
[EventType "blitz"]

1. e4 e5 2. Nf3 d5 3. exd5 e4 4. Ne5 Qxd5 5. d4 exd3 6. Nxd3 Nf6 7. Nc3 Qf5 8.
Be2 Bd6 9. O-O O-O 10. Bf3 c6 11. Be3 Nbd7 12. Re1 Ne5 13. Nxe5 Qxe5 14. g3 Rd8
15. Bf4 Qc5 16. Bxd6 Qxd6 17. Qxd6 Rxd6 18. Re7 Kf8 19. Rae1 Rd7 20. R7e5 Rd2
21. Ne4 Nxe4 22. Bxe4 Be6 23. Bxh7 Bxa2 24. b3 g6 25. Re7 b6 26. Rc7 Rxc2 27.
h4 Kg7 28. Ree7 Bxb3 29. h5 Kxh7 30. hxg6+ Kxg6 31. Red7 a5 32. Rd6+ Be6 33.
Rdxc6 Rxc6 34. Rxc6 a4 {Normal} 0-1

[Event "Rated Blitz tournament YtuHIWbJ"]
[Site "?"]
[Date "2021.06.12"]
[Round "?"]
[White "Steven1303"]
[Black "batasjon"]
[Result "0-1"]
[WhiteElo "2226"]
[BlackElo "2416"]
[PlyCount "132"]
[EventDate "2021.??.??"]
[EventType "blitz"]

1. e4 e5 2. Nf3 d5 3. d3 dxe4 4. dxe4 Qxd1+ 5. Kxd1 Nf6 6. Bd3 Nc6 7. Nc3 Bc5
8. Ke2 Ng4 9. Nd5 Bd6 10. h3 Nf6 11. Bb5 Nxe4 12. Be3 O-O 13. Bd3 Nf6 14. Nxf6+
gxf6 15. Nh4 Re8 16. Bf5 Nd4+ 17. Bxd4 exd4+ 18. Kd3 c5 19. Rae1 Be6 20. Re4
Be5 21. Rg4+ Kf8 22. f4 c4+ 23. Kd2 Bc7 24. Bxe6 fxe6 25. f5 e5 26. Rf1 e4 27.
g3 Rad8 28. Ng2 Ba5+ 29. Kc1 e3 30. Rh4 e2 31. Rh1 e1=Q+ 32. Nxe1 Bxe1 33. Rxh7
Bxg3 34. Rg1 Bf4+ 35. Kd1 d3 36. Rgg7 Bb8 37. Rf7+ Kg8 38. Rhg7+ Kh8 39. Rxb7
dxc2+ 40. Kxc2 Re2+ 41. Kc3 Be5+ 42. Kb4 Rxb2+ 43. Kc5 Rxb7 44. Rxb7 c3 45. Rb1
Rc8+ 46. Kd5 c2 47. Rc1 Bf4 48. Rf1 c1=Q 49. Rxc1 Rxc1 50. Ke6 Ra1 51. Kxf6
Rxa2 52. Kg6 Rh2 53. f6 Rxh3 54. f7 Bd6 55. Kf6 Bf8 56. Ke6 Rh6+ 57. Kd7 Kg7
58. Ke8 Rf6 59. Kd7 Rxf7+ 60. Kc8 a6 61. Kb8 a5 62. Ka8 a4 63. Kb8 a3 64. Kc8
a2 65. Kd8 a1=Q 66. Ke8 Qa8# {Normal} 0-1

[Event "Rated Blitz game"]
[Site "?"]
[Date "2021.06.12"]
[Round "?"]
[White "Fletov"]
[Black "magos33"]
[Result "1-0"]
[WhiteElo "2302"]
[BlackElo "2416"]
[PlyCount "113"]
[EventDate "2021.??.??"]
[EventType "blitz"]

1. e4 e5 2. Nf3 d5 3. exd5 e4 4. Qe2 Nf6 5. Nc3 Be7 6. Nxe4 O-O 7. d3 Re8 8.
Bf4 Nxd5 9. Be3 f5 10. Nc3 Bb4 11. O-O-O Nxc3 12. bxc3 Ba3+ 13. Kd2 f4 14. d4
fxe3+ 15. fxe3 Be6 16. Qb5 Nd7 17. Bd3 Nf6 18. Ng5 Bg4 19. Qb3+ Nd5 20. Bxh7+
Kh8 21. Nf7+ Kxh7 22. Nxd8 Raxd8 23. Qxa3 Bxd1 24. Rxd1 Nxe3 25. Qxa7 Nxd1 26.
Kxd1 c5 27. a4 cxd4 28. cxd4 Rd6 29. c3 Ra6 30. Qxb7 Rxa4 31. Kc2 Rea8 32. Qe4+
Kh8 33. Kd3 R4a7 34. g4 Re8 35. Qf5 Rae7 36. Qf3 Kh7 37. g5 Kg6 38. h4 Re6 39.
Qg3 Kh5 40. g6 Rxg6 41. Qf3+ Kxh4 42. Qf4+ Kh5 43. Qf5+ Kh6 44. Qh3+ Kg5 45.
Qg3+ Kf6 46. Qd6+ Re6 47. Qd8+ Kf5 48. Qd7 Kg5 49. d5 Rd6 50. Qb7 Rgf6 51. c4
Rf3+ 52. Kd4 Rff6 53. Kc5 Kf5 54. Qxg7 Ke5 55. Qe7+ Kf5 56. Qc7 Rb6 57. Qxb6 {
Time forfeit} 1-0

[Event "Rated Blitz game"]
[Site "?"]
[Date "2021.06.12"]
[Round "?"]
[White "Andep123"]
[Black "JHoNYHUTANGc0"]
[Result "0-1"]
[WhiteElo "2392"]
[BlackElo "2405"]
[PlyCount "38"]
[EventDate "2021.??.??"]
[EventType "blitz"]

1. e4 e5 2. Nf3 d5 3. exd5 e4 4. Qe2 Nf6 5. Ng5 Qxd5 6. d3 Nc6 7. Nc3 Bb4 8.
Ngxe4 Be6 9. Bd2 Qa5 10. Nxf6+ gxf6 11. Ne4 O-O-O 12. Bxb4 Nxb4 13. Nc3 Rhe8
14. Kd2 Bb3 15. Qg4+ f5 16. axb3 Qxa1 17. Qxf5+ Kb8 18. Ne4 Qxb2 19. Qc5 Rxe4 {
Normal} 0-1

[Event "Rated Blitz game"]
[Site "?"]
[Date "2021.06.12"]
[Round "?"]
[White "donaldduk"]
[Black "magos33"]
[Result "0-1"]
[WhiteElo "2349"]
[BlackElo "2414"]
[PlyCount "44"]
[EventDate "2021.??.??"]
[EventType "blitz"]

1. e4 e5 2. Nf3 d5 3. Nxe5 Bd6 4. d4 dxe4 5. Nc4 Nf6 6. Ne3 O-O 7. c4 c5 8. d5
Nbd7 9. Nc3 Ne5 10. Be2 a6 11. O-O Qc7 12. b3 Re8 13. Bb2 Bd7 14. Qc2 Nd3 15.
Bxd3 exd3 16. Qxd3 Bxh2+ 17. Kh1 Be5 18. Rae1 Bd4 19. Ncd1 Bxb2 20. Nxb2 Qf4
21. Nbd1 Re5 22. Nc3 Rh5+ {Normal} 0-1

[Event "Rated Blitz game"]
[Site "?"]
[Date "2021.06.12"]
[Round "?"]
[White "Sanek1206"]
[Black "annaly1979"]
[Result "0-1"]
[WhiteElo "2495"]
[BlackElo "2394"]
[PlyCount "46"]
[EventDate "2021.??.??"]
[EventType "blitz"]

1. e4 e5 2. Nf3 d5 3. exd5 e4 4. Nd4 c5 5. Ne2 f5 6. c4 Nf6 7. d3 Bd6 8. Bf4
O-O 9. Bxd6 Qxd6 10. Nbc3 a6 11. d4 Nbd7 12. g3 b6 13. Bg2 Bb7 14. O-O Rae8 15.
a3 cxd4 16. Nxd4 Ne5 17. Nxf5 Qd7 18. Ne3 Nf3+ 19. Kh1 Qe7 20. Qb3 Bc8 21. Qxb6
Qe5 22. Rad1 Qh5 23. d6 Qxh2# {Normal} 0-1

[Event "Rated Blitz game"]
[Site "?"]
[Date "2021.06.12"]
[Round "?"]
[White "Bifas"]
[Black "blastol"]
[Result "1-0"]
[WhiteElo "2442"]
[BlackElo "2403"]
[PlyCount "139"]
[EventDate "2021.??.??"]
[EventType "blitz"]

1. e4 e5 2. Nf3 d5 3. Nxe5 Bd6 4. d4 dxe4 5. Bc4 Bxe5 6. dxe5 Qxd1+ 7. Kxd1 Nc6
8. Bf4 Nge7 9. Nc3 Ng6 10. Bg3 h5 11. h4 Bg4+ 12. Ke1 Nd4 13. Bb3 Nf5 14. Nxe4
Nxg3 15. Nxg3 Nxe5 16. f3 Bd7 17. Kf2 O-O-O 18. Rhe1 f6 19. Rad1 Bc6 20. Nf5 g6
21. Ne7+ Kb8 22. Nxc6+ Nxc6 23. c3 Ne5 24. Bc2 Rxd1 25. Rxd1 Kc8 26. Kg3 g5 27.
Bf5+ Kb8 28. f4 gxf4+ 29. Kxf4 Rg8 30. g3 c6 31. Rd6 Rf8 32. b3 Kc7 33. Rd2 Rg8
34. c4 Rg7 35. c5 b6 36. cxb6+ axb6 37. a4 c5 38. Be6 Kc6 39. Rd8 b5 40. axb5+
Kxb5 41. Rh8 Nd3+ 42. Kf3 Ne5+ 43. Kg2 Re7 44. Bd5 Rd7 45. Rb8+ Ka5 46. Be4
Rd2+ 47. Kf1 Ng4 48. Ke1 Rb2 49. Bd5 Ne3 50. Be6 c4 51. Ra8+ Kb4 52. bxc4 Nxc4
53. Rb8+ Kc3 54. Rc8 Rb4 55. Rxc4+ Rxc4 56. Bxc4 Kxc4 57. Ke2 Kd5 58. Kd3 Ke5
59. Ke3 Kf5 60. Kf3 Kg6 61. Kf4 Kf7 62. Kf5 Kg7 63. Ke6 Kg6 64. Ke7 Kf5 65. Kf7
Kg4 66. Kxf6 Kxg3 67. Kg5 Kf3 68. Kxh5 Kf4 69. Kg6 Ke5 70. h5 {Normal} 1-0

[Event "Rated Blitz game"]
[Site "?"]
[Date "2021.06.12"]
[Round "?"]
[White "actenoides"]
[Black "oALzKiEo"]
[Result "0-1"]
[WhiteElo "2314"]
[BlackElo "2415"]
[PlyCount "78"]
[EventDate "2021.??.??"]
[EventType "blitz"]

1. e4 e5 2. Nf3 d5 3. d4 dxe4 4. Nxe5 Bd6 5. Nc4 Nc6 6. Nxd6+ Qxd6 7. Be3 f5 8.
g3 Nf6 9. Bg2 Be6 10. O-O O-O-O 11. c3 h6 12. b4 g5 13. Qa4 f4 14. Bc1 f3 15.
Bh1 Kb8 16. Na3 Rdg8 17. b5 Ne7 18. Nc4 Bxc4 19. Qxc4 h5 20. a4 h4 21. Ba3 Qd7
22. Bxe7 hxg3 23. fxg3 Qxe7 24. a5 Ng4 25. b6 cxb6 26. axb6 a6 27. d5 f2+ 28.
Rxf2 Nxf2 29. Kxf2 Rxh2+ 30. Ke3 Qe5 31. Qxe4 Qxg3+ 32. Bf3 Rf8 33. d6 Qf2+ 34.
Kd3 Qxf3+ 35. Qxf3 Rxf3+ 36. Kd4 Rd2+ 37. Ke5 Rfd3 38. Rh1 Rxd6 39. Rh8+ Rd8 {
Normal} 0-1

[Event "Rated Blitz game"]
[Site "?"]
[Date "2021.06.12"]
[Round "?"]
[White "Agontuk"]
[Black "Winquitter"]
[Result "1-0"]
[WhiteElo "2522"]
[BlackElo "2490"]
[PlyCount "53"]
[EventDate "2021.??.??"]
[EventType "blitz"]

1. e4 e5 2. Nf3 d5 3. Nxe5 Qe7 4. d4 f6 5. Nd3 dxe4 6. Nf4 f5 7. Qh5+ Qf7 8.
Qxf7+ Kxf7 9. Bc4+ Ke8 10. O-O Nc6 11. Nc3 Bd7 12. Be3 Nf6 13. Rad1 Bd6 14.
Rfe1 Na5 15. Bf1 g5 16. Nfd5 Nxd5 17. Nxd5 h6 18. c4 b6 19. c5 bxc5 20. Nf6+
Ke7 21. Nxd7 Kxd7 22. dxc5 Rab8 23. cxd6 cxd6 24. Bxa7 Rxb2 25. Bd4 Rhb8 26.
Bxb2 Rxb2 27. Rd5 {Normal} 1-0

[Event "Rated Blitz game"]
[Site "?"]
[Date "2021.06.12"]
[Round "?"]
[White "erva20"]
[Black "Polyclinical"]
[Result "1-0"]
[WhiteElo "2596"]
[BlackElo "2823"]
[PlyCount "67"]
[EventDate "2021.??.??"]
[EventType "blitz"]

1. e4 e5 2. Nf3 d5 3. exd5 e4 4. Qe2 Qe7 5. Nd4 Nf6 6. Nc3 Qe5 7. Nf3 Qe7 8.
Nd4 Qe5 9. Ndb5 a6 10. d4 Qe7 11. Nxc7+ Qxc7 12. Nxe4 Nxe4 13. Qxe4+ Qe7 14.
Qxe7+ Bxe7 15. Bd3 O-O 16. c4 Rd8 17. O-O b5 18. b3 Bf6 19. Bb2 Nd7 20. Rab1
Rb8 21. c5 Nb6 22. cxb6 Rxb6 23. Be4 Bb7 24. Rbc1 h6 25. Rc5 Be7 26. Bf3 Ba8
27. Rfc1 Kf8 28. Rc6 Bxc6 29. dxc6 Bd6 30. d5 Re8 31. Kf1 Rbb8 32. Bd4 Re7 33.
Bc5 Rbe8 34. Bxd6 {Normal} 1-0

[Event "Rated Blitz tournament YtuHIWbJ"]
[Site "?"]
[Date "2021.06.12"]
[Round "?"]
[White "gmches"]
[Black "InvisibleKoT"]
[Result "0-1"]
[WhiteElo "2337"]
[BlackElo "2576"]
[PlyCount "20"]
[EventDate "2021.??.??"]
[EventType "blitz"]

1. e4 e5 2. Nf3 d5 3. Nxe5 Bd6 4. d4 dxe4 5. Bc4 Bxe5 6. dxe5 Qxd1+ 7. Kxd1 Nc6
8. Bf4 Bg4+ 9. Ke1 O-O-O 10. c3 Rd1# {Normal} 0-1

[Event "Rated Blitz tournament qt7uDL6X"]
[Site "?"]
[Date "2021.06.12"]
[Round "?"]
[White "AKAI_BKD"]
[Black "om_gendut"]
[Result "1-0"]
[WhiteElo "2446"]
[BlackElo "2429"]
[PlyCount "138"]
[EventDate "2021.??.??"]
[EventType "blitz"]

1. e4 e5 2. Nf3 d5 3. exd5 e4 4. Qe2 Be7 5. Qxe4 Nf6 6. Qe3 Nxd5 7. Qb3 O-O 8.
Be2 a5 9. a4 Nc6 10. c3 Nf4 11. d4 Nxg2+ 12. Kd1 Nh4 13. Rg1 Be6 14. Qxb7 Bd5
15. Nxh4 Nxd4 16. Qxa8 Bb3+ 17. Kd2 Qxa8 18. cxd4 Bxh4 19. Ra3 Be6 20. f3 Bf2
21. Rg2 Bxd4 22. Nc3 Bxc3+ 23. Rxc3 Rd8+ 24. Ke1 Qb7 25. h4 Qb4 26. h5 Qh4+ 27.
Kf1 Qh1+ 28. Kf2 Qh4+ 29. Kg1 Qxh5 30. Rxc7 Qe5 31. Rc3 Rc8 32. Bd2 Qd4+ 33.
Be3 Qxa4 34. Rd3 Bc4 35. Rc3 Be6 36. Rd3 Qa1+ 37. Kf2 Qxb2 38. Bd4 Qb7 39. Bxg7
Bc4 40. Bh6+ Kh8 41. Bg7+ Kg8 42. Bh6+ Kh8 43. Re3 Bxe2 44. Rxe2 Qb6+ 45. Be3
Qf6 46. Rd2 a4 47. Bd4 Qxd4+ 48. Rxd4 Ra8 49. Ke3 a3 50. Ra2 Re8+ 51. Kf2 Re6
52. Rd3 Kg7 53. Raxa3 Rg6 54. Rd4 Rb6 55. Rg4+ Kf6 56. Raa4 Rb2+ 57. Kg3 Ke7
58. Rgf4 Kf8 59. Rae4 h6 60. Re5 Rb6 61. Ref5 f6 62. Rxf6+ Rxf6 63. Rxf6+ Kg7
64. Rf5 Kg6 65. Kf4 h5 66. Ke5 h4 67. Rf4 Kh6 68. Rxh4+ Kg5 69. Rg4+ Kh5 {
Normal} 1-0

[Event "Rated Blitz tournament 4elt8JKA"]
[Site "?"]
[Date "2021.06.12"]
[Round "?"]
[White "RosiChess"]
[Black "Madjrs72"]
[Result "1-0"]
[WhiteElo "2533"]
[BlackElo "2397"]
[PlyCount "125"]
[EventDate "2021.??.??"]
[EventType "blitz"]

1. e4 e5 2. Nf3 d5 3. Nc3 dxe4 4. Nxe4 f5 5. Nc3 e4 6. Ng1 Nf6 7. d4 Be6 8. Be3
Bb4 9. Nge2 O-O 10. a3 Ba5 11. b4 Bb6 12. Nf4 Bf7 13. h4 Nc6 14. Nce2 Ne7 15.
c4 c6 16. Qc2 a5 17. Rb1 axb4 18. axb4 Ra3 19. d5 Bxe3 20. fxe3 Rxe3 21. Qc1
Rd3 22. Nxd3 exd3 23. Nd4 cxd5 24. c5 Nc6 25. Nxc6 bxc6 26. Bxd3 Ne4 27. Bxe4
fxe4 28. Qg5 Qxg5 29. hxg5 d4 30. O-O e3 31. Rfe1 Re8 32. Rbd1 Re4 33. b5 cxb5
34. c6 Bd5 35. c7 Bb7 36. Rb1 Re5 37. Rbd1 Re4 38. Rd3 Kf7 39. Rc1 Bc8 40. Rcd1
e2 41. Re1 Kg6 42. Kf2 Bg4 43. c8=Q Bxc8 44. Rxe2 Rxe2+ 45. Kxe2 Kxg5 46. Rxd4
Bf5 47. Rd5 h5 48. Rxb5 g6 49. Kf2 Kf4 50. Rb4+ Kg5 51. g3 Kf6 52. Rb6+ Ke5 53.
Rb4 Kf6 54. Kf3 Ke5 55. Rb5+ Kf6 56. Kf4 g5+ 57. Ke3 h4 58. gxh4 gxh4 59. Kf4
Be6 60. Rh5 h3 61. Rh6+ Ke7 62. Ke5 Bg4 63. Rg6 {Time forfeit} 1-0

[Event "Rated Blitz game"]
[Site "?"]
[Date "2021.06.11"]
[Round "?"]
[White "Kaspatroll"]
[Black "annaly1979"]
[Result "0-1"]
[WhiteElo "2432"]
[BlackElo "2416"]
[PlyCount "42"]
[EventDate "2021.??.??"]
[EventType "blitz"]

1. e4 e5 2. Nf3 d5 3. exd5 e4 4. Qe2 f5 5. d3 Nf6 6. Nc3 Bb4 7. dxe4 Bxc3+ 8.
bxc3 fxe4 9. Ba3 Qxd5 10. Rd1 Qc6 11. Qd2 exf3 12. Qd8+ Kf7 13. Qe7+ Kg6 14.
Bd3+ Bf5 15. O-O Bxd3 16. Rxd3 Re8 17. Qb4 Na6 18. Qh4 Qe4 19. Qh3 fxg2 20.
Rg3+ Kf7 21. Rd1 Rad8 {Normal} 0-1

[Event "Rated Blitz game"]
[Site "?"]
[Date "2021.06.11"]
[Round "?"]
[White "pamboy27"]
[Black "magos33"]
[Result "0-1"]
[WhiteElo "2258"]
[BlackElo "2402"]
[PlyCount "48"]
[EventDate "2021.??.??"]
[EventType "blitz"]

1. e4 e5 2. Nf3 d5 3. exd5 e4 4. Qe2 Nf6 5. d3 Qxd5 6. Nc3 Bb4 7. dxe4 Bxc3+ 8.
bxc3 Qxe4 9. Be3 O-O 10. Qd3 Nc6 11. Be2 Bf5 12. O-O Rfd8 13. Qb5 a6 14. Qxb7
Nd4 15. Qxe4 Nxe2+ 16. Kh1 Bxe4 17. Ng5 Nxc3 18. Bf4 Ncd5 19. Bg3 h6 20. Nxe4
Nxe4 21. Be5 c5 22. f3 Nd2 23. Rfd1 Nc4 24. Rd3 Nxe5 {Normal} 0-1

[Event "Rated Blitz game"]
[Site "?"]
[Date "2021.06.11"]
[Round "?"]
[White "kiperman001"]
[Black "KamranShirazi"]
[Result "0-1"]
[WhiteElo "2435"]
[BlackElo "2501"]
[PlyCount "32"]
[EventDate "2021.??.??"]
[EventType "blitz"]

1. e4 e5 2. Nf3 d5 3. Nxe5 Bd6 4. d4 dxe4 5. Bc4 Bxe5 6. dxe5 Qxd1+ 7. Kxd1
Bg4+ 8. Be2 Bf5 9. g4 Be6 10. Nc3 Nc6 11. Bf4 Nge7 12. Bb5 Bxg4+ 13. Kc1 Bf3
14. Re1 O-O-O 15. Bxc6 Nxc6 16. Nxe4 Rd4 {Normal} 0-1

[Event "Rated Blitz game"]
[Site "?"]
[Date "2021.06.11"]
[Round "?"]
[White "khedira99"]
[Black "KinzyabulatovRenat"]
[Result "0-1"]
[WhiteElo "2420"]
[BlackElo "2388"]
[PlyCount "70"]
[EventDate "2021.??.??"]
[EventType "blitz"]

1. e4 e5 2. Nf3 d5 3. exd5 e4 4. Qe2 Nf6 5. Nc3 Be7 6. Nxe4 Nxd5 7. d4 O-O 8.
Bd2 Re8 9. O-O-O Nc6 10. Kb1 Bg4 11. Qd3 Ndb4 12. Qb3 Bxf3 13. gxf3 Nxd4 14.
Qc3 Nbxc2 15. Bc4 b5 16. Bb3 c5 17. Bxc2 b4 18. Qc4 Qc7 19. Ba4 Red8 20. Be3
Nxf3 21. Bb3 Ne5 22. Qa6 c4 23. Ba4 Nd3 24. Rhg1 Qe5 25. Rd2 Qxe4 26. Rxg7+
Kxg7 27. Qh6+ Kh8 28. Bc2 Bf8 29. Qf6+ Bg7 30. Qg5 Qg6 31. Qh4 b3 32. axb3 cxb3
33. Bxb3 Nb4+ 34. Ka1 Rxd2 35. Bxd2 Qg1+ {Normal} 0-1